Zu welchem Land gehört dieser Vorname? - Statistiken

Allgemein
  • Dieses Quiz wurde 132 mal gespielt
  • Das Durchschnittsergebnis liegt bei 4 aus 20
Antwortstatistiken
Name Land % Korrekt
Francesco Italien
71%
Aiden USA
61%
Ben Deutschland
57%
Cengiz Türkei
53%
Harry UK
31%
Lucia Spanien
26%
Juhani Finnland
11%
Leon Schweiz
8%
Nathan Frankreich
5%
Maja Schweden
5%
Kári Island
4%
Nora Norwegen
4%
Sarah Österreich
4%
Lian China
3%
Nala Kenia
3%
Oliver Australien
2%
Olivia Kanada
2%
Patrick Mongolei
1%
Sophia Brasilien
0%
Dean Chile
0%
Keine übereinstimmenden Quizze gefunden
Verteilung der Resultate
Anzahl Personen mit jedem Resultat
Perzentil nach korrekt beantworteten Fragen
Ihre Resultats-Entwicklung
Sie haben dieses Quiz noch nicht gespielt